The girl who loves bugs /

Guardat en:
Dades bibliogràfiques
Autor principal: Murray, Lily
Altres autors: Løvlie, Jenny
Format: Llibre
Idioma:anglès
Publicat: London : Macmillan Children's books, 2023
Etiquetes: Afegir etiqueta
Sense etiquetes, Sigues el primer a etiquetar aquest registre!

MARC

LEADER 00000nam a22000007i 4500
001 IT\ICCU\UBO\4872561
003 ItRI
005 20260115232012.0
008 250414s2023 xxk|||||| ||||| |||||c
020 |a 9781529048032 
040 |b ita  |c importazione bologna sebina 
041 7 |a eng  |2 ISO-639-2 
100 1 |a Murray, Lily  |0 IT\ICCU\UBOV\453301 
240 1 4 |a The girl who loves bugs  |3 IT\ICCU\UBO\4872563  |9 Murray, Lily 
245 1 4 |a The girl who loves bugs /  |c Lily Murray ; Jenny Løvlie. 
260 |a London :  |b Macmillan Children's books,  |c 2023 
300 |a 1 volume :  |b ill. ;  |c 26x26 cm 
500 |a In copertina: curiosity leads to adventures... 
700 1 |a Løvlie, Jenny  |0 IT\ICCU\LO1V\472787 
942 |2 ddc  |c BK  |n 0 
952 |0 0  |1 0  |4 0  |6 R_823_920000000000000_MUR  |7 0  |9 18714  |a BO  |b BO  |d 2026-01-15  |i 20621  |l 0  |o R 823.92 MUR  |p BO20621  |r 2026-01-15 23:20:12  |w 2026-01-15  |x [Sebina 5] [1 v.]  |y BK  |z 1 v. 
999 |c 15877  |d 15877